[Event "DVM U14 2020"]
[Site "Willingen GER"]
[Date "2021.06.24"]
[Round "1"]
[White "Ruddat, Jarne"]
[Black "Zimanovic, Leon Daniel"]
[Result "1-0"]
[Termination "normal"]
[Board "3.4"]
[WhiteElo "1385"]
[BlackElo "1386"]
[WhiteClock "00:57:20"]
[BlackClock "00:15:13"]
[WhiteTeam "SC Borussia Lichtenberg"]
[BlackTeam "SC Ostfildern 1952 e.V."]
[PlyCount "73"]
[WhiteFideId "16254236"]
[BlackFideId "16275063"]
[EventCountry "GER"]
[EventRounds "7"]
[EventType "team-swiss"]
[EventDate "2021.06.23"]

1. e4 {[%clk 1:30:59]} e5 {[%clk 1:30:46]} 2. Nf3 {[%clk 1:31:25]} Nc6 {[%clk
1:30:39]} 3. d4 {[%clk 1:31:50]} exd4 {[%clk 1:30:32]} 4. Nxd4 {[%clk 1:32:14]}
Bc5 {[%clk 1:29:51]} 5. Be3 {[%clk 1:32:37]} Qf6 {[%clk 1:28:49]} 6. c3 {[%clk
1:33:03]} a6 {[%clk 1:27:03]} 7. Bc4 {[%clk 1:31:24]} b5 {[%clk 1:25:19]} 8.
Bb3 {[%clk 1:28:44]} Na5 {[%clk 1:20:49]} 9. O-O {[%clk 1:25:08]} d6 {[%clk
1:17:23]} 10. Bd5 {[%clk 1:24:16]} Nb7 {[%clk 1:13:18]} 11. Bc6+ {[%clk
1:23:42]} Kf8 {[%clk 1:11:02]} 12. Qd2 {[%clk 1:19:54]} h6 {[%clk 1:08:47]} 13.
b4 {[%clk 1:19:22]} Ba7 {[%clk 1:06:24]} 14. a4 {[%clk 1:19:09]} bxa4 {[%clk
0:55:41]} 15. Rxa4 {[%clk 1:19:24]} Bb6 {[%clk 0:52:55]} 16. Qd3 {[%clk
1:17:30]} Ne7 {[%clk 0:44:00]} 17. Bb5 {[%clk 1:13:37]} Kg8 {[%clk 0:39:26]}
18. Qe2 {[%clk 1:12:00]} Nd8 {[%clk 0:37:27]} 19. Bxa6 {[%clk 1:10:45]} Kh7
{[%clk 0:37:12]} 20. Bd3 {[%clk 1:07:36]} Rxa4 {[%clk 0:33:00]} 21. e5+ {[%clk
1:07:58]} Qg6 {[%clk 0:32:39]} 22. Bxg6+ {[%clk 1:08:20]} fxg6 {[%clk 0:32:16]}
23. exd6 {[%clk 1:08:32]} cxd6 {[%clk 0:31:46]} 24. Bxh6 {[%clk 1:05:39]} Bxd4
{[%clk 0:26:12]} 25. cxd4 {[%clk 1:05:43]} Nf5 {[%clk 0:24:27]} 26. Be3 {[%clk
1:05:49]} Rxb4 {[%clk 0:24:18]} 27. Qd2 {[%clk 1:03:26]} Rb8 {[%clk 0:23:54]}
28. g4 {[%clk 1:02:13]} Nh4 {[%clk 0:22:11]} 29. Qe2 {[%clk 1:02:03]} Bb7
{[%clk 0:21:21]} 30. Nd2 {[%clk 1:01:31]} Ne6 {[%clk 0:20:16]} 31. f3 {[%clk
1:01:26]} Rbf8 {[%clk 0:18:27]} 32. f4 Nc7 {[%clk 0:16:10]} 33. Qf2 {[%clk
0:57:26]} Ng2 {[%clk 0:15:46]} 34. Nf3 {[%clk 0:57:09]} Nxf4 {[%clk 0:15:03]}
35. Bxf4 {[%clk 0:56:43]} Rxf4 {[%clk 0:15:25]} 36. Ng5+ {[%clk 0:57:04]} Kg8
{[%clk 0:15:13]} 37. Qxf4 {[%clk 0:57:20]} 1-0

[Event "DVM U14 2020"]
[Site "Willingen GER"]
[Date "2021.06.24"]
[Round "1"]
[White "Lerchl, Clemens"]
[Black "Bildat, Emilia"]
[Result "1-0"]
[Termination "normal"]
[Board "4.2"]
[WhiteElo "1711"]
[BlackElo "1852"]
[WhiteClock "00:06:40"]
[BlackClock "00:01:11"]
[WhiteTeam "Schach-Club Vaterstetten-Grasbrunn"]
[BlackTeam "SC Turm Lüneburg e.V."]
[PlyCount "95"]
[WhiteFideId "16226372"]
[BlackFideId "16218140"]
[EventCountry "GER"]
[EventRounds "7"]
[EventType "team-swiss"]
[EventDate "2021.06.23"]

1. e4 {[%clk 1:30:57]} c5 {[%clk 1:30:47]} 2. Nf3 {[%clk 1:31:22]} g6 {[%clk
1:31:10]} 3. d4 {[%clk 1:31:45]} cxd4 {[%clk 1:31:27]} 4. Nxd4 {[%clk 1:32:09]}
Bg7 {[%clk 1:31:39]} 5. c4 {[%clk 1:31:49]} Nc6 {[%clk 1:31:51]} 6. Be3 {[%clk
1:32:13]} Nf6 {[%clk 1:31:46]} 7. Nc3 {[%clk 1:32:38]} O-O {[%clk 1:31:43]} 8.
Be2 {[%clk 1:32:47]} d6 {[%clk 1:31:41]} 9. O-O {[%clk 1:32:47]} Bd7 {[%clk
1:31:35]} 10. h3 {[%clk 1:31:34]} Nxd4 {[%clk 1:30:53]} 11. Bxd4 {[%clk
1:31:51]} Bc6 {[%clk 1:31:00]} 12. Qc2 {[%clk 1:29:10]} Nd7 {[%clk 1:28:12]}
13. Be3 {[%clk 1:26:29]} a5 {[%clk 1:27:06]} 14. Rfd1 {[%clk 1:20:24]} Qc7
{[%clk 1:23:50]} 15. Rac1 {[%clk 1:13:17]} Rac8 {[%clk 1:20:52]} 16. Bg4 {[%clk
1:11:37]} e6 {[%clk 1:08:09]} 17. b3 {[%clk 0:46:18]} Nc5 {[%clk 0:58:15]} 18.
Bf3 {[%clk 0:37:32]} f5 {[%clk 0:47:57]} 19. Bd4 {[%clk 0:27:09]} b6 {[%clk
0:35:16]} 20. Bxg7 {[%clk 0:23:14]} Kxg7 {[%clk 0:35:39]} 21. exf5 {[%clk
0:15:08]} Rxf5 {[%clk 0:27:25]} 22. Bxc6 {[%clk 0:15:01]} Qxc6 {[%clk 0:27:13]}
23. Ne2 {[%clk 0:13:27]} Rg5 {[%clk 0:22:49]} 24. Ng3 {[%clk 0:13:14]} h6
{[%clk 0:15:34]} 25. Qc3+ {[%clk 0:12:51]} e5 {[%clk 0:09:08]} 26. f4 {[%clk
0:12:37]} Rxg3 {[%clk 0:08:59]} 27. Qxg3 {[%clk 0:12:58]} Ne4 {[%clk 0:08:38]}
28. Qe3 {[%clk 0:09:41]} exf4 {[%clk 0:06:01]} 29. Qd4+ {[%clk 0:07:16]} Kh7
{[%clk 0:06:03]} 30. Re1 {[%clk 0:06:20]} Re8 {[%clk 0:05:31]} 31. Qd5 {[%clk
0:06:16]} Qc5+ {[%clk 0:03:44]} 32. Kh2 {[%clk 0:06:05]} Qxd5 {[%clk 0:02:17]}
33. cxd5 {[%clk 0:06:28]} Kg7 {[%clk 0:01:40]} 34. Rc4 {[%clk 0:06:32]} Nf6
{[%clk 0:01:36]} 35. Rxe8 {[%clk 0:06:51]} Nxe8 {[%clk 0:02:01]} 36. Rc6 {[%clk
0:07:10]} b5 {[%clk 0:01:18]} 37. Ra6 {[%clk 0:06:39]} a4 {[%clk 0:01:22]} 38.
bxa4 {[%clk 0:07:04]} bxa4 {[%clk 0:01:48]} 39. Rxa4 {[%clk 0:07:27]} Kf6
{[%clk 0:02:07]} 40. Re4 {[%clk 0:05:51]} Nc7 {[%clk 0:02:04]} 41. a4 {[%clk
0:05:53]} Kf5 {[%clk 0:01:17]} 42. Rc4 {[%clk 0:05:43]} Nxd5 {[%clk 0:01:30]}
43. a5 {[%clk 0:06:05]} Ke5 {[%clk 0:01:08]} 44. a6 {[%clk 0:05:34]} Nb6 {[%clk
0:00:49]} 45. Rb4 {[%clk 0:05:50]} Na8 {[%clk 0:00:42]} 46. a7 {[%clk 0:06:04]}
d5 {[%clk 0:00:49]} 47. Rb8 {[%clk 0:06:19]} Nc7 {[%clk 0:01:11]} 48. Rc8
{[%clk 0:06:40]} 1-0

[Event "DVM U14 2020"]
[Site "Willingen GER"]
[Date "2021.06.24"]
[Round "1"]
[White "Rennkamp, Johannes"]
[Black "Popovici, Liviu-Daniel"]
[Result "1/2-1/2"]
[Termination "normal"]
[Board "4.3"]
[WhiteElo "1603"]
[BlackElo "1505"]
[WhiteClock "00:21:34"]
[BlackClock "00:25:19"]
[WhiteTeam "SC Turm Lüneburg e.V."]
[BlackTeam "Schach-Club Vaterstetten-Grasbrunn"]
[PlyCount "96"]
[WhiteFideId "16268784"]
[BlackFideId "1253689"]
[EventCountry "GER"]
[EventRounds "7"]
[EventType "team-swiss"]
[EventDate "2021.06.23"]

{[%evp 0,96,22,25,28,-8,-6,-6,49,49,48,27,42,44,44,24,70,67,79,89,85,70,87,71,
49,44,56,-27,-30,-51,-50,-99,-91,-91,-218,-181,-195,-197,-167,-156,-122,-149,
-147,-145,-108,-103,-103,-109,-120,-157,-86,-79,-86,-81,-78,-83,-78,-78,-68,
-72,-66,-70,-76,-67,-64,-64,-14,-16,-16,-10,2,-20,11,3,20,22,20,-7,20,0,73,67,
80,31,30,22,27,30,20,11,7,11,1,9,9,0,0,0,0]} 1. d4 d5 2. c4 e6 3. Nc3 c6 4. Nf3
Nf6 5. Bg5 Be7 6. e3 Nbd7 7. Rc1 dxc4 8. Bxc4 b5 9. Bd3 Bb7 10. O-O O-O 11. Qc2
h6 12. Bf4 a6 13. Nd2 c5 14. dxc5 Nxc5 15. Be4 Ncxe4 16. Ncxe4 Rc8 17. Nxf6+
Bxf6 18. Qd1 Bxb2 19. Rxc8 Bxc8 20. Ne4 Qxd1 21. Rxd1 Ba3 22. Rd3 Be7 23. Bc7
Bb7 24. Nd6 Bxd6 25. Rxd6 Rc8 26. Rd8+ Rxd8 27. Bxd8 Bd5 28. a3 Kf8 29. f3 Ke8
30. Bb6 Kd7 31. e4 Bc4 32. Bc5 Kc6 33. Bf8 g6 34. Bxh6 f5 35. Kf2 Kd6 36. Ke3
e5 37. exf5 gxf5 38. h4 a5 39. h5 a4 40. Bf8+ Kd7 41. h6 Bg8 42. g4 fxg4 43.
fxg4 Bh7 44. g5 Ke6 45. Kf3 Kf5 46. Be7 Bg6 47. Ke3 Ke6 48. Bb4 Kf5 1/2-1/2

[Event "DVM U14 2020"]
[Site "Willingen GER"]
[Date "2021.06.24"]
[Round "1"]
[White "Karpen, Jakob"]
[Black "Rennkamp, David"]
[Result "0-1"]
[Termination "normal"]
[Board "4.4"]
[WhiteElo "1365"]
[BlackElo "1371"]
[WhiteClock "00:24:09"]
[BlackClock "00:12:30"]
[WhiteTeam "Schach-Club Vaterstetten-Grasbrunn"]
[BlackTeam "SC Turm Lüneburg e.V."]
[PlyCount "114"]
[WhiteFideId "16255453"]
[BlackFideId "16249526"]
[EventCountry "GER"]
[EventRounds "7"]
[EventType "team-swiss"]
[EventDate "2021.06.23"]

1. d4 {[%clk 1:30:55]} d5 {[%clk 1:30:55]} 2. c4 {[%clk 1:31:08]} e6 {[%clk
1:31:20]} 3. Nf3 {[%clk 1:31:18]} Nf6 {[%clk 1:31:25]} 4. e3 {[%clk 1:31:28]}
Be7 {[%clk 1:30:52]} 5. Nc3 {[%clk 1:31:33]} O-O {[%clk 1:29:41]} 6. Bd3 {[%clk
1:31:19]} dxc4 {[%clk 1:30:04]} 7. Bxc4 {[%clk 1:31:26]} b6 {[%clk 1:29:38]} 8.
O-O {[%clk 1:30:28]} Bb7 {[%clk 1:29:33]} 9. a3 {[%clk 1:27:41]} Nbd7 {[%clk
1:19:19]} 10. Qe2 {[%clk 1:23:52]} c5 {[%clk 1:15:30]} 11. Rd1 {[%clk 1:19:30]}
cxd4 {[%clk 1:05:21]} 12. Nxd4 {[%clk 1:17:08]} Qc7 {[%clk 0:57:21]} 13. Bd3
{[%clk 1:07:44]} Ne5 {[%clk 0:53:17]} 14. Ba6 {[%clk 1:01:40]} Neg4 {[%clk
0:47:09]} 15. g3 {[%clk 0:58:48]} Ne5 {[%clk 0:39:22]} 16. Bxb7 {[%clk
0:56:43]} Qxb7 {[%clk 0:39:48]} 17. b4 {[%clk 0:54:40]} Ne4 {[%clk 0:33:48]}
18. Bb2 {[%clk 0:53:49]} Ng5 {[%clk 0:33:21]} 19. e4 {[%clk 0:51:58]} Rfd8
{[%clk 0:32:46]} 20. f4 {[%clk 0:47:20]} Rxd4 {[%clk 0:31:45]} 21. fxe5 {[%clk
0:46:50]} Rxd1+ {[%clk 0:31:10]} 22. Rxd1 {[%clk 0:46:43]} h6 {[%clk 0:30:46]}
23. h4 {[%clk 0:46:18]} Nh7 {[%clk 0:30:45]} 24. Nb5 {[%clk 0:42:15]} Rd8
{[%clk 0:28:47]} 25. Rxd8+ {[%clk 0:41:54]} Bxd8 {[%clk 0:29:13]} 26. Qd3
{[%clk 0:41:29]} Be7 {[%clk 0:27:36]} 27. Qc4 {[%clk 0:40:14]} a6 {[%clk
0:23:47]} 28. Nd6 {[%clk 0:38:59]} Qd7 {[%clk 0:20:42]} 29. Qc8+ {[%clk
0:38:07]} Nf8 {[%clk 0:20:17]} 30. Qxd7 {[%clk 0:34:59]} Nxd7 {[%clk 0:19:14]}
31. Kf2 {[%clk 0:33:33]} Bd8 {[%clk 0:17:53]} 32. Kf3 {[%clk 0:31:39]} Bc7
{[%clk 0:17:23]} 33. h5 {[%clk 0:30:58]} Kf8 {[%clk 0:17:12]} 34. Kf4 {[%clk
0:30:51]} f6 {[%clk 0:16:37]} 35. Nc4 {[%clk 0:29:49]} b5 {[%clk 0:15:57]} 36.
Nd2 {[%clk 0:28:30]} Nxe5 {[%clk 0:15:19]} 37. Bxe5 {[%clk 0:27:02]} Bxe5+
{[%clk 0:15:11]} 38. Kg4 {[%clk 0:27:22]} Bb2 {[%clk 0:14:51]} 39. Nb1 {[%clk
0:27:32]} Ke7 {[%clk 0:14:54]} 40. Kf3 {[%clk 0:26:27]} Kd6 {[%clk 0:15:07]}
41. Kf4 {[%clk 0:26:27]} Bc1+ {[%clk 0:15:15]} 42. Kf3 {[%clk 0:26:29]} Ke5
{[%clk 0:15:15]} 43. Nc3 {[%clk 0:23:10]} Bxa3 {[%clk 0:14:18]} 44. Ne2 {[%clk
0:22:55]} Bxb4 {[%clk 0:14:11]} 45. Nf4 {[%clk 0:23:12]} Kd6 {[%clk 0:13:18]}
46. Nd3 {[%clk 0:23:19]} Bc3 {[%clk 0:13:18]} 47. e5+ {[%clk 0:23:14]} Bxe5
{[%clk 0:13:32]} 48. Nb4 {[%clk 0:23:30]} a5 {[%clk 0:13:37]} 49. Nc2 {[%clk
0:23:47]} b4 {[%clk 0:13:21]} 50. Ne3 {[%clk 0:24:06]} Kc5 {[%clk 0:13:00]} 51.
Nc2 {[%clk 0:24:25]} b3 {[%clk 0:13:12]} 52. Ne1 {[%clk 0:24:41]} b2 {[%clk
0:13:04]} 53. Nd3+ {[%clk 0:24:58]} Kd5 {[%clk 0:13:00]} 54. Kg4 {[%clk
0:24:04]} b1=Q {[%clk 0:12:52]} 55. Nf2 {[%clk 0:24:04]} Qf5+ 56. Kh4 Qxf2
{[%clk 0:12:19]} 57. Kg4 {[%clk 0:24:09]} Qxg3# {[%clk 0:12:30]} 0-1

[Event "DVM U14 2020"]
[Site "Willingen GER"]
[Date "2021.06.24"]
[Round "1"]
[White "Bock, Marlon"]
[Black "Reichmann, Felix"]
[Result "1-0"]
[Termination "normal"]
[Board "5.1"]
[WhiteElo "1654"]
[BlackElo "1780"]
[WhiteClock "00:08:34"]
[BlackClock "00:22:25"]
[WhiteTeam "SSV Vimaria 91 Weimar"]
[BlackTeam "Schachfreunde Nordost Berlin"]
[PlyCount "65"]
[WhiteFideId "16244931"]
[BlackFideId "16238290"]
[EventCountry "GER"]
[EventRounds "7"]
[EventType "team-swiss"]
[EventDate "2021.06.23"]

{[%evp 0,65,34,26,81,47,42,60,60,17,75,86,47,20,13,4,10,3,20,11,13,6,-17,-24,
-29,-19,-13,-18,-18,-23,-30,-15,21,-13,-17,-22,-32,-39,-36,7,0,0,-10,-10,25,-3,
11,-67,38,33,114,97,102,108,417,445,440,440,453,460,461,463,575,579,632,645,
744,599]} 1. d4 c5 2. e3 Nf6 3. Nf3 g6 4. Bd3 b6 5. O-O Bg7 6. b3 Bb7 7. Bb2
O-O 8. Nbd2 Na6 9. c4 d5 10. Qe2 cxd4 11. Bxd4 Nb4 12. Bb1 Rc8 13. a3 Nc6 14.
Bb2 Na5 15. Rd1 Ba6 16. Bd3 dxc4 17. Bxc4 Nxc4 18. Nxc4 Bxc4 19. bxc4 Qc7 20.
Ne5 Rfd8 21. Qf3 Rd6 22. Bd4 e6 23. Rdc1 Qd8 24. g4 Rxd4 25. exd4 Qxd4 26. Re1
Rc5 27. Rad1 Rxe5 28. Qa8+ Bf8 29. Rxd4 Rxe1+ 30. Kg2 Kg7 31. g5 Nh5 32. Rd8
Nf4+ 33. Kf3 1-0

[Event "DVM U14 2020"]
[Site "Willingen GER"]
[Date "2021.06.24"]
[Round "1"]
[White "Gutewort, Paul Emil"]
[Black "Günther, Arthur"]
[Result "1-0"]
[Termination "normal"]
[Board "5.2"]
[WhiteElo "1689"]
[BlackElo "1573"]
[WhiteClock "00:25:22"]
[BlackClock "00:23:39"]
[WhiteTeam "Schachfreunde Nordost Berlin"]
[BlackTeam "SSV Vimaria 91 Weimar"]
[PlyCount "97"]
[WhiteFideId "16204182"]
[BlackFideId "16230078"]
[EventCountry "GER"]
[EventRounds "7"]
[EventType "team-swiss"]
[EventDate "2021.06.23"]

1. c4 {[%clk 1:30:58]} e6 {[%clk 1:30:48]} 2. g3 {[%clk 1:31:21]} d5 {[%clk
1:31:05]} 3. Bg2 {[%clk 1:31:44]} f5 {[%clk 1:29:18]} 4. Nf3 {[%clk 1:30:37]}
Nf6 {[%clk 1:28:43]} 5. b3 {[%clk 1:29:10]} Bd6 {[%clk 1:24:38]} 6. Bb2 {[%clk
1:29:30]} O-O {[%clk 1:24:18]} 7. O-O {[%clk 1:28:54]} c6 {[%clk 1:22:32]} 8.
Ne5 {[%clk 1:25:28]} Bd7 {[%clk 1:20:26]} 9. d4 {[%clk 1:19:28]} Be8 {[%clk
1:16:25]} 10. Nd2 {[%clk 1:17:37]} Nbd7 {[%clk 1:15:05]} 11. a3 {[%clk
1:12:42]} Rc8 {[%clk 1:14:36]} 12. b4 {[%clk 1:11:53]} Ne4 {[%clk 1:12:33]} 13.
Rc1 {[%clk 1:08:54]} Ndf6 {[%clk 1:07:15]} 14. Nxe4 {[%clk 1:02:07]} Nxe4
{[%clk 1:06:41]} 15. Qd3 {[%clk 0:56:35]} Bxe5 {[%clk 0:56:05]} 16. dxe5 {[%clk
0:53:56]} dxc4 {[%clk 0:55:32]} 17. Qc2 {[%clk 0:52:21]} b5 {[%clk 0:49:54]}
18. Rcd1 {[%clk 0:48:43]} Qg5 {[%clk 0:46:35]} 19. Bc1 {[%clk 0:42:03]} Qe7
{[%clk 0:42:39]} 20. Bxe4 {[%clk 0:40:54]} fxe4 {[%clk 0:42:54]} 21. Be3 {[%clk
0:39:24]} Bh5 {[%clk 0:42:10]} 22. Bc5 {[%clk 0:37:57]} Qg5 {[%clk 0:41:05]}
23. Bxf8 {[%clk 0:36:44]} Rxf8 {[%clk 0:41:08]} 24. Qxe4 {[%clk 0:36:15]} Rf5
{[%clk 0:40:08]} 25. f4 {[%clk 0:33:51]} Qe7 {[%clk 0:39:56]} 26. Rd6 {[%clk
0:33:33]} h6 {[%clk 0:38:33]} 27. Qxc6 {[%clk 0:32:54]} Bxe2 {[%clk 0:37:55]}
28. Re1 {[%clk 0:32:35]} Bd3 {[%clk 0:37:19]} 29. Rxe6 {[%clk 0:32:07]} Qf7
{[%clk 0:35:48]} 30. Qe8+ {[%clk 0:30:38]} Qf8 {[%clk 0:34:19]} 31. Qxb5 {[%clk
0:28:11]} Kh7 {[%clk 0:32:54]} 32. Qe8 {[%clk 0:28:08]} Rxf4 {[%clk 0:27:29]}
33. Qxf8 {[%clk 0:28:03]} Rxf8 {[%clk 0:27:52]} 34. Rc6 {[%clk 0:28:28]} Rf7
{[%clk 0:27:07]} 35. a4 {[%clk 0:26:56]} Re7 {[%clk 0:27:00]} 36. b5 {[%clk
0:26:02]} Kg8 {[%clk 0:25:11]} 37. a5 {[%clk 0:26:04]} c3 {[%clk 0:25:10]} 38.
Rxc3 {[%clk 0:26:28]} Bxb5 {[%clk 0:25:35]} 39. Rc5 Bd3 {[%clk 0:24:56]} 40.
Rec1 {[%clk 0:24:55]} a6 {[%clk 0:25:10]} 41. Kf2 {[%clk 0:25:11]} Kh7 {[%clk
0:25:27]} 42. Ke3 {[%clk 0:25:32]} Bb5 {[%clk 0:25:50]} 43. Ke4 {[%clk
0:25:00]} Kg6 {[%clk 0:26:12]} 44. Rc7 {[%clk 0:24:54]} Re6 {[%clk 0:26:19]}
45. Kd5 {[%clk 0:24:08]} Re8 46. Rc8 {[%clk 0:24:31]} Rxc8 {[%clk 0:23:23]} 47.
Rxc8 {[%clk 0:24:53]} Kf7 {[%clk 0:23:32]} 48. Kd6 {[%clk 0:25:05]} g6 {[%clk
0:23:39]} 49. e6+ {[%clk 0:25:22]} 1-0

[Event "DVM U14 2020"]
[Site "Willingen GER"]
[Date "2021.06.24"]
[Round "1"]
[White "Stadelmann, Constantin"]
[Black "Duduka, Artem"]
[Result "0-1"]
[Termination "normal"]
[Board "5.3"]
[WhiteElo "1277"]
[BlackElo "1613"]
[WhiteClock "00:48:26"]
[BlackClock "01:05:49"]
[WhiteTeam "SSV Vimaria 91 Weimar"]
[BlackTeam "Schachfreunde Nordost Berlin"]
[PlyCount "50"]
[WhiteFideId "16297970"]
[BlackFideId "14194805"]
[EventCountry "GER"]
[EventRounds "7"]
[EventType "team-swiss"]
[EventDate "2021.06.23"]

1. d4 {[%clk 1:30:57]} Nf6 {[%clk 1:30:43]} 2. Nf3 {[%clk 1:30:34]} g6 {[%clk
1:30:35]} 3. Nc3 {[%clk 1:30:37]} d5 {[%clk 1:30:51]} 4. Bf4 {[%clk 1:30:42]}
Bg7 {[%clk 1:30:09]} 5. Qd2 {[%clk 1:30:53]} Bf5 {[%clk 1:29:14]} 6. O-O-O
{[%clk 1:28:57]} c6 {[%clk 1:27:25]} 7. Bh6 {[%clk 1:29:04]} O-O {[%clk
1:26:46]} 8. Bxg7 {[%clk 1:29:24]} Kxg7 {[%clk 1:27:11]} 9. h4 {[%clk 1:27:36]}
h5 {[%clk 1:25:13]} 10. Qf4 {[%clk 1:22:44]} Ng4 {[%clk 1:22:25]} 11. Ne5
{[%clk 1:22:05]} Nxe5 {[%clk 1:21:57]} 12. dxe5 {[%clk 1:18:33]} Nd7 {[%clk
1:20:45]} 13. e4 {[%clk 1:16:42]} dxe4 {[%clk 1:19:36]} 14. Nxe4 {[%clk
1:17:00]} Qc7 {[%clk 1:19:05]} 15. Ng3 {[%clk 1:14:32]} e6 {[%clk 1:15:32]} 16.
Qe3 {[%clk 1:06:10]} Nxe5 {[%clk 1:13:00]} 17. Qc3 {[%clk 1:05:43]} Kh7 {[%clk
1:10:03]} 18. f4 {[%clk 0:58:43]} Ng4 {[%clk 1:07:39]} 19. Rd2 {[%clk 0:56:29]}
Qxf4 {[%clk 1:06:37]} 20. Bc4 {[%clk 0:53:50]} Rad8 {[%clk 1:05:15]} 21. Rf1
{[%clk 0:52:01]} Qxd2+ {[%clk 1:05:06]} 22. Qxd2 {[%clk 0:51:29]} Rxd2 {[%clk
1:05:33]} 23. Kxd2 {[%clk 0:51:51]} Rd8+ {[%clk 1:05:50]} 24. Kc1 {[%clk
0:51:24]} Ne3 {[%clk 1:05:49]} 25. Rf4 {[%clk 0:48:26]} Rd1# 0-1

[Event "DVM U14 2020"]
[Site "Willingen GER"]
[Date "2021.06.24"]
[Round "1"]
[White "Beck, Felix"]
[Black "Wetzig, Cay Luis"]
[Result "1-0"]
[Termination "normal"]
[Board "5.4"]
[WhiteElo "1526"]
[BlackElo "1043"]
[WhiteClock "00:39:26"]
[BlackClock "00:41:02"]
[WhiteTeam "Schachfreunde Nordost Berlin"]
[BlackTeam "SSV Vimaria 91 Weimar"]
[PlyCount "105"]
[WhiteFideId "16255364"]
[BlackFideId "34605940"]
[EventCountry "GER"]
[EventRounds "7"]
[EventType "team-swiss"]
[EventDate "2021.06.23"]

1. c4 {[%clk 1:30:56]} Nf6 2. g3 e6 {[%clk 1:30:17]} 3. Bg2 {[%clk 1:30:36]} d5
{[%clk 1:30:20]} 4. cxd5 {[%clk 1:30:10]} exd5 {[%clk 1:30:39]} 5. Nf3 {[%clk
1:29:52]} Nbd7 {[%clk 1:30:09]} 6. O-O {[%clk 1:29:13]} Bd6 {[%clk 1:29:27]} 7.
d3 {[%clk 1:28:49]} O-O {[%clk 1:29:00]} 8. b3 {[%clk 1:26:16]} b6 {[%clk
1:27:00]} 9. Bb2 {[%clk 1:26:29]} Bb7 {[%clk 1:25:44]} 10. Qc2 {[%clk 1:19:24]}
Rc8 {[%clk 1:22:31]} 11. Nc3 {[%clk 1:15:03]} c5 {[%clk 1:19:47]} 12. Nb5
{[%clk 1:11:50]} Qe7 {[%clk 1:18:32]} 13. Nxa7 {[%clk 1:00:03]} Rc7 {[%clk
1:17:06]} 14. Nb5 {[%clk 1:00:03]} Rcc8 {[%clk 1:17:16]} 15. Nxd6 {[%clk
0:58:28]} Qxd6 {[%clk 1:15:30]} 16. Rac1 {[%clk 0:56:38]} Ba6 {[%clk 1:11:22]}
17. Qd2 {[%clk 0:55:32]} d4 {[%clk 1:06:55]} 18. Rc2 {[%clk 0:51:57]} Rc7
{[%clk 1:05:14]} 19. Rfc1 {[%clk 0:50:58]} Rfc8 {[%clk 1:04:26]} 20. a3 {[%clk
0:49:08]} Qe7 {[%clk 1:01:06]} 21. Nxd4 {[%clk 0:45:44]} g6 {[%clk 0:55:57]}
22. Nf3 {[%clk 0:43:43]} Ne8 {[%clk 0:54:24]} 23. Qc3 {[%clk 0:41:19]} f6
{[%clk 0:54:20]} 24. Qd2 {[%clk 0:40:37]} b5 {[%clk 0:49:45]} 25. Qf4 {[%clk
0:38:06]} Qd6 {[%clk 0:46:38]} 26. Qxd6 {[%clk 0:37:51]} Nxd6 {[%clk 0:47:04]}
27. Nd2 {[%clk 0:37:08]} Nb6 {[%clk 0:45:00]} 28. Bxf6 {[%clk 0:36:21]} Kf7
{[%clk 0:42:02]} 29. Be5 {[%clk 0:36:07]} Ke6 {[%clk 0:39:59]} 30. Bxd6 {[%clk
0:35:56]} Kxd6 {[%clk 0:40:17]} 31. Ne4+ {[%clk 0:36:20]} Kd7 {[%clk 0:39:47]}
32. Bh3+ {[%clk 0:36:37]} Kd8 {[%clk 0:39:29]} 33. Bxc8 {[%clk 0:36:58]} Rxc8
34. Rxc5 {[%clk 0:37:19]} Rb8 {[%clk 0:39:23]} 35. Rc6 {[%clk 0:35:25]} Kd7
{[%clk 0:38:04]} 36. Rd6+ {[%clk 0:35:19]} Ke7 {[%clk 0:38:05]} 37. Rc7+ {[%clk
0:35:29]} Ke8 {[%clk 0:38:13]} 38. Rcc6 {[%clk 0:35:29]} Ke7 {[%clk 0:37:26]}
39. Rxb6 {[%clk 0:35:45]} Rxb6 {[%clk 0:37:41]} 40. Rxb6 {[%clk 0:36:10]} Bc8
{[%clk 0:37:54]} 41. Rxb5 {[%clk 0:36:29]} Be6 {[%clk 0:38:04]} 42. a4 {[%clk
0:36:36]} Kd7 {[%clk 0:38:13]} 43. Nc5+ {[%clk 0:36:47]} Kd6 {[%clk 0:38:31]}
44. Nxe6 {[%clk 0:37:07]} Kxe6 {[%clk 0:38:55]} 45. a5 {[%clk 0:37:31]} Kd6
{[%clk 0:39:18]} 46. a6 {[%clk 0:37:47]} Kc7 {[%clk 0:39:44]} 47. a7 {[%clk
0:38:10]} Kc6 {[%clk 0:39:55]} 48. Rb8 {[%clk 0:38:26]} Kc7 {[%clk 0:39:55]}
49. a8=Q {[%clk 0:38:48]} Kd7 {[%clk 0:40:13]} 50. Qd5+ {[%clk 0:39:02]} Ke7
{[%clk 0:40:27]} 51. Qe5+ {[%clk 0:39:05]} Kf7 {[%clk 0:40:45]} 52. Rb7+ {[%clk
0:39:26]} Kg8 {[%clk 0:41:02]} 53. Qb8# 1-0

[Event "DVM U14 2020"]
[Site "Willingen GER"]
[Date "2021.06.24"]
[Round "1"]
[White "Nitsche, Nikolai"]
[Black "Klaska, Philipp Leon"]
[Result "1/2-1/2"]
[Termination "normal"]
[Board "6.1"]
[WhiteElo "1831"]
[BlackElo "1755"]
[WhiteClock "00:37:46"]
[BlackClock "00:01:46"]
[WhiteTeam "SV Empor Berlin e.V."]
[BlackTeam "Düsseldorfer Schachverein 1854"]
[PlyCount "81"]
[WhiteFideId "16221036"]
[BlackFideId "16238044"]
[EventCountry "GER"]
[EventRounds "7"]
[EventType "team-swiss"]
[EventDate "2021.06.23"]

{[%evp 0,81,22,15,15,-4,7,4,-1,-6,0,-8,-8,-34,-30,-19,10,21,17,37,67,78,70,63,
66,65,67,62,62,62,79,82,73,35,44,17,18,2,-5,-3,1,0,-2,-2,16,0,7,-7,0,0,0,0,19,
16,16,18,17,10,28,28,119,112,111,76,81,92,85,66,40,25,92,122,92,92,103,75,78,
34,45,0,0,0,0,0]} 1. Nf3 d5 2. g3 c5 3. Bg2 Nc6 4. d3 Nf6 5. O-O e5 6. a3 Be7
7. c4 d4 8. b4 cxb4 9. axb4 Bxb4 10. Nxe5 Bd7 11. Nxc6 Bxc6 12. Bxc6+ bxc6 13.
Qa4 Qb6 14. Ba3 Bxa3 15. Qxa3 c5 16. Nd2 O-O 17. Qa6 Rfe8 18. Qxb6 axb6 19.
Rxa8 Rxa8 20. Rb1 Nd7 21. Rb2 Kf8 22. f4 Ke7 23. Ne4 f5 24. Ng5 h6 25. Nf3 Kf6
26. Ne5 Nxe5 27. fxe5+ Kxe5 28. Rxb6 Ra1+ 29. Kf2 f4 30. Rc6 fxg3+ 31. hxg3 Ra5
32. Kf3 Kf5 33. g4+ Kg5 34. Kg3 h5 35. gxh5 Kxh5 36. Kf4 g6 37. Rc8 g5+ 38. Kf5
Kh4 39. Rh8+ Kg3 40. Kxg5 Ra2 41. Re8 1/2-1/2